| 000 | 01951nam0a2200349 4500 | ||
|---|---|---|---|
| 001 | RU\NLR\BIBL_A\022214298 | ||
| 005 | 20260405105231.0 | ||
| 010 |
_a978-5-00147-540-8 _9100 |
||
| 035 | _a(NLR Aleph) 022214298 | ||
| 090 |
_a13082405 _c13082405 |
||
| 100 | _a20240503d2023 |||y0rusy50 ca | ||
| 101 | 0 | _arus | |
| 102 | _aRU | ||
| 105 | _aa j 000yy | ||
| 181 | 0 |
_ai _baxxe |
|
| 182 | 0 | _an | |
| 200 | 1 |
_aРеинжиниринг компании - мультиагентное управление развитием _eучебник для магистратуры и аспирантуры по направлению 5.2.6 "Менеджмент" _fАнискин Юрий Петрович _gМинистерство образования и науки иРоссийской Федерации, Национальный исследовательский университет "МИЭТ" |
|
| 203 |
_aТекст _bвизуальный _cнепосредственный |
||
| 210 |
_aМосква _cВАШ ФОРМАТ _d2023 |
||
| 215 |
_a199 с. _cил., цв. ил., табл. _d22 |
||
| 225 | 1 | _aСерия - Деловая активность компании | |
| 300 | _aАвт. указан на обороте тит. с. | ||
| 300 | _aНа 4-й с. обл. авт.: Анискин Ю. П. - д-р экон. наук, проф., засл. работник Высш. шк., Лауреат премии Правительства РФ в обл. образования | ||
| 320 | _aБиблиогр.: с. 199 (8 назв.) | ||
| 606 | 1 |
_aРеинжиниринг _jУчебники для высших учебных заведений _92184313 _3RU\NLR\AUTH\661313340 |
|
| 686 | 1 | _aУ21(0)0я73 | |
| 700 | 1 |
_8rus _7ca _aАнискин _bЮ. П. _f1939- _gЮрий Петрович _3RU\NLR\AUTH\7740556 _923508 |
|
| 942 | _cBOOK | ||
| 980 | _aNB | ||